Encanto Character Quiz!!!! - Statistics

General Stats
  • This quiz has been taken 904 times
  • The average score is 12 of 15
Answer Stats
Emojis Answer-Name % Correct
πŸŒΊπŸŒ·πŸ’ Isabela
97%
πŸ’šπŸ€πŸŸ’ Bruno
96%
πŸ’ͺπŸ€πŸ”΄ Luisa
92%
πŸ‘‚πŸŸ₯🟨 Dolores
91%
πŸ’—πŸ•― Abuela/Alma
89%
πŸ‘‚πŸ―πŸ¦ Antonio
89%
β›ˆβ˜πŸ’› Pepa
89%
πŸ’™πŸ’—πŸ’š Mirabel
86%
πŸ‘¨-πŸ‘© Camilo
83%
πŸžπŸ‘©β€βš•οΈπŸ’™ Julieta
82%
πŸ’›πŸ§‘πŸ€Ž Felix
73%
πŸ€πŸ’€πŸ€Ž Pedro
68%
πŸ πŸŒ·πŸ’™ Casita
62%
πŸ’™πŸŒΈπŸ Agustin
59%
πŸ€πŸ–€πŸ€Ž Mariano
56%
No matching quizzes found
Score Distribution
Percent of People with Each Score
Percentile by Number Answered
Your Score History
You have not taken this quiz